000 00529nab a2200145Ia 4500
003 ES-SlBCS
005 20230517075420.0
008 140529s2011 xxu||||| |||| 00| 0 spa d
041 _aspa
100 1 _aPose, Carlos
_9124048
245 0 0 _aEvolución de los fundamentos de la vida moral en la obra de Zubiri: hacia una (bio)ética de la responsabilidad
_c Carlos Pose
600 1 0 _aZubiri, Xavier
_d(1898-1983)
_994499
773 0 _tCuadernos Salmantinos de Filosofia
_gvol. 38, nº. 38, 2011, págs. 207-268
_wRev159
942 _cAR
999 _c648909
_d648909